A touch of greatness, (Record no. 10421)

MARC details
000 -LEADER
fixed length control field 00639cam a22002291 4500
001 - CONTROL NUMBER
control field agr45000337
003 - CONTROL NUMBER IDENTIFIER
control field DLC
005 - DATE AND TIME OF LATEST TRANSACTION
control field 20260227111003.0
008 - FIXED-LENGTH DATA ELEMENTS--GENERAL INFORMATION
fixed length control field 761022s1945 nyua j 000 0 eng
010 ## - LIBRARY OF CONGRESS CONTROL NUMBER
LC control number agr45000337
035 ## - SYSTEM CONTROL NUMBER
System control number (OCoLC)2520737
040 ## - CATALOGING SOURCE
Original cataloging agency DLC
Transcribing agency NSbSU
Modifying agency NSbSU
-- OCoLC
-- OKentU
-- DLC
042 ## - AUTHENTICATION CODE
Authentication code premarc
050 00 - LIBRARY OF CONGRESS CALL NUMBER
Classification number SF347
Item number .A5
082 ## - DEWEY DECIMAL CLASSIFICATION NUMBER
Classification number 798.4
100 1# - MAIN ENTRY--PERSONAL NAME
Personal name Anderson, C. W.
Fuller form of name (Clarence William),
Dates associated with a name 1891-1971.
245 12 - TITLE STATEMENT
Title A touch of greatness,
Statement of responsibility, etc. by C. W. Anderson.
260 ## - PUBLICATION, DISTRIBUTION, ETC.
Place of publication, distribution, etc. New York,
Name of publisher, distributor, etc. Macmillan,
Date of publication, distribution, etc. 1945.
300 ## - PHYSICAL DESCRIPTION
Extent 96 p.
Other physical details illus.
Dimensions 22 x 29 cm.
650 #0 - SUBJECT ADDED ENTRY--TOPICAL TERM
Topical term or geographic name entry element Horses
650 #0 - SUBJECT ADDED ENTRY--TOPICAL TERM
Topical term or geographic name entry element Horses
Form subdivision Pictorial works

No items available.

Powered by Koha